| 000 | 00634nam a2200121Ia 4500 | ||
|---|---|---|---|
| 008 | 171212s9999 xx 000 0 und d | ||
| 020 | _a9781922144966 | ||
| 245 |
_ceditor Marshall Clark, ;Sally K. May, _aMacassan History and Heritage _bJourneys, Encounters and Influences |
||
| 260 |
_bANU E Press _c2013 |
||
| 650 | _aHistory | ||
| 650 | _aMakasar (Indonesian people) -- Australia. Northern -- History; Fishers -- Indonesia -- History; Aboriginal Australians -- Australia, Northern -- Foreign influences.; Aboriginal Australians -- History; Australia -- Discovery and exploration | ||
| 856 | _uwww.jstor.org/stable/10.2307/j.ctt3fgjzc | ||
| 999 |
_c351194 _d351194 |
||